Treatment technologies for solvent containing wastes

Salvato in:
Dettagli Bibliografici
Autore principale: Breton, Marc (Autore)
Natura: Libro
Lingua:inglese
Pubblicazione: Park Ridge Noyes Data Corporation 1988
Serie:Pollution technology review, 149
Soggetti:
Tags: Aggiungi Tag
Nessun Tag, puoi essere il primo ad aggiungerne!!

MARC

LEADER 00000nam a2200000 a 4500
001 UCX7907
003 CL-VaPUC
008 940112e19880000US |||||||||||||||||eng|d
082 0 4 |a 628.4  |b BRE  |2 21 
100 0 |a Breton, Marc  |e author  |9 324884 
245 1 0 |a Treatment technologies for solvent containing wastes 
300 |a 753 p 
942 |c BK 
945 |d 19940112 00:00:00  |a mfernand 
260 |a Park Ridge  |b Noyes Data Corporation  |c 1988 
650 0 |a Eliminación de desechos  |9 324885 
650 7 |a RESIDUOS INDUSTRIALES MANUALES  |2 CL-VaPUC  |9 324886 
583 |a last modification  |c 20120711 11:28:10  |k Rodrigo Vera 
490 0 |a Pollution technology review, 149 
999 |c 227582  |d 227580 
952 |0 0  |1 0  |4 0  |6 628_400000000000000_BRE_1988  |7 0  |8 F  |9 226699  |a BIBING  |b BIBING  |d 2019-11-15  |i 2958600  |o 628.4 BRE 1988  |p 2958600  |r 2025-01-20  |w 2019-11-15  |y BK_F  |k EIQ